Country Names that Contain Single-Syllable Body Parts - Statistics

General Stats
  • This quiz has been taken 145 times
  • The average score is 2 of 6
Answer Stats
Answer % Correct
ARMenia
70%
CHINa
39%
PhiLIPpines
22%
EnGLAND
11%
SingaPORE
8%
KiRIBati
6%
No matching quizzes found
Score Distribution
Percent of People with Each Score
Percentile by Number Answered
Your Score History
You have not taken this quiz